San Hipólito, un espacio de devoción y enunciación política para los sanjuderos en la Ciudad de México/
El artículo examina el santuario de San Hipólito como un lugar de devoción y expresión política para los sanjuderos en la Ciudad de México. El estudio explora cómo esta festividad religiosa se convierte en un espacio de encuentro y manifestación de identidades y demandas políticas por parte de los d...
Uloženo v:
| Hlavní autor: | |
|---|---|
| Médium: | Kniha |
| Jazyk: | Spanish |
| Témata: | |
| On-line přístup: | texto completo desde el sitio de la revista |
| Tagy: |
Přidat tag
Žádné tagy, Buďte první, kdo vytvoří štítek k tomuto záznamu!
|
MARC
| LEADER | 00000nam a22000007a 4500 | ||
|---|---|---|---|
| 003 | cru CIDCACS/IIS | ||
| 005 | 20230818182143.0 | ||
| 008 | 191108t2019 cr |||||r||||||0| ||spa|d | ||
| 040 | |c cru CIDCACS/IIS | ||
| 100 | 1 | |9 8792 |a Álvarez Juárez, Thania Sttephanni | |
| 245 | 1 | |a San Hipólito, un espacio de devoción y enunciación política para los sanjuderos en la Ciudad de México/ |c Thania Sttephanni Álvarez Juárez | |
| 300 | |a páginas 145-163: |b tablas, mapa,fotos | ||
| 520 | |a El artículo examina el santuario de San Hipólito como un lugar de devoción y expresión política para los sanjuderos en la Ciudad de México. El estudio explora cómo esta festividad religiosa se convierte en un espacio de encuentro y manifestación de identidades y demandas políticas por parte de los devotos, quienes participan activamente en las procesiones, rituales y actividades relacionadas con la celebración de San Judas Tadeo. Se analizan los símbolos, discursos y prácticas asociadas a esta festividad, así como su significado en el contexto social y político de la ciudad. El artículo destaca la importancia de San Hipólito como un lugar de convergencia entre lo religioso y lo político, donde los sanjuderos encuentran un espacio para expresar sus creencias, demandas y aspiraciones.RAR | ||
| 650 | 0 | |2 OCDE |9 954 |a DISCURSOS | |
| 650 | 0 | |2 OCDE |9 11635 |a SIGNIFICADOS | |
| 650 | 0 | |2 OCDE |9 8417 |a CONTEXTO SOCIAL | |
| 773 | 0 | |0 18728 |9 3538 |a Universidad de Costa Rica. |d San José, Costa Rica Editorial UCR 1959- |o 19104 |t Revista de Ciencias Sociales/ |x 04825276 | |
| 856 | |u https://revistas.ucr.ac.cr/index.php/sociales/article/view/38522/39332 |y texto completo desde el sitio de la revista | ||
| 942 | |2 ddc |c PP | ||
| 999 | |c 42604 |d 42604 | ||
